Demetra príručka pre použitie gamifikačnej metodológie

Bibliographic Details
Main Author: Pusztai, Ádám (Author)
Format: Book
Language:Slovak
PhysicalDescription:29 strán ilustrácie 30 cm
Published: [Malacky] [A-Omega] [2020]
ISBN:9788097355500
Subjects:

MARC

LEADER 00000cam a2200000 4500
001 vtls011924384
003 SK-MaSNL
005 20260301185848.0
008 210701s2019 xo a frf 000 0 slo
015 |a SNBA2021/03 
020 |a 9788097355500  |q (brožované) 
035 |a urn:nbn:sk:snk-am00fbgs 
035 |a urn:nbn:sk:snk-am3ipuu 
035 |a 82D47A20-4D77-4314-AD81-0FCF7DC15A9B 
040 |a SNK  |b slo  |c SNK  |e rda 
041 0 |a slo 
044 |a xo  |c SK 
072 7 |a 334  |x Formy organizácie a spolupráce v ekonomike  |2 konspekt 
080 |a 334.72  |2 2011 
080 |a 621  |2 2011 
080 |a 678.5  |2 2011 
080 |a 005.963.1  |2 2011 
080 |a (035)  |2 2011 
100 1 |a Pusztai, Ádám  |4 aut  |9 564351 
245 1 0 |a Demetra  |b príručka pre použitie gamifikačnej metodológie  |c autor: Ádám Pusztai 
246 3 0 |a Príručka pre použitie gamifikačnej metodológie 
264 1 |a [Malacky]  |b [A-Omega]  |c [2020] 
300 |a 29 strán  |b ilustrácie  |c 30 cm 
336 |a text  |b txt  |2 rdacontent 
337 |a bez média  |b n  |2 rdamedia 
338 |a zväzok  |b nc  |2 rdacarrier 
500 |a Na obálke: Demetra - príprava metodologického tréningu pre podnikových inštruktorov, ktorí poskytujú praktické pracovné tréningy v plastikárskom odvetví a v príbuzných priemyselných sektoroch ; Projekt č.: 2017-01-HU01-KA202-035951 ; Erasmus+ 
500 |a Vydavateľské údaje podľa NA ISBN ; na dokumente je uvedené: publikované spoločnosťou TREBAG duševné vlastníctvo - a Project Manager Ltd. Maďarsko 2094 Nagykovácsi 
630 0 7 |a Demetra (projekt)  |2 SKNPH  |9 564352 
650 0 7 |a podniky  |2 SNKPH  |9 923 
650 0 7 |a Business enterprises  |2 SNKPHeng  |9 265529 
650 0 7 |a strojárstvo  |2 SNKPH  |9 674 
650 0 7 |a Mechanical engineering  |2 SNKPHeng  |9 275771 
650 0 7 |a plasty  |2 SNKPH  |9 3661 
650 0 7 |a Plastics  |2 SNKPHeng  |9 298157 
650 0 7 |a vzdelávanie zamestnancov  |2 SNKPH  |9 22193 
650 0 7 |a Employer-supported education  |2 SNKPHeng  |9 102842 
655 7 |a príručky  |2 SNKPH  |9 74364 
655 7 |a Handbooks, manuals, etc.  |2 SNKPHeng  |9 90964 
919 |a 978-80-973555-0-0 
958 |a OND 
999 |c 865490  |d 867420 
952 |a SNK  |b SNK  |y PREZ  |7 0  |p 17A1424736  |o snkSB 95380  |i snk2020/6624  |8 0  |0 0  |1 0  |4 0  |d 2020-03-16  |f 1  |l 0  |r 2025-05-15 00:00:00  |w 2026-02-24 
952 |a SNK  |b SNK  |y VYP  |7 0  |p 17A1424737  |o snkSB 95380 D1  |i snk2020/6625  |8 0  |0 0  |1 0  |4 0  |d 2020-03-16  |l 0  |r 2026-02-24 05:25:21  |w 2026-02-24